| 000 | 00896nas a2200301 4500 | ||
|---|---|---|---|
| 001 | BR7900137 | ||
| 003 | BR-BrBNA | ||
| 005 | 20231205083610.0 | ||
| 007 | ta | ||
| 008 | 230509b bl.|||p| |||| 00| 00por d | ||
| 040 |
_aBR-BrBNA _bpor _cBiblioteca Nacional de Agricultura |
||
| 041 | _a(Pt) | ||
| 072 | _aQ30 | ||
| 100 | 1 | _aMadi, L.F.C. | |
| 100 | 1 | _aSoler, R.M. | |
| 100 | 1 | _aCabral, A.C.D. | |
| 100 | 1 | _aAlvim, D.D. | |
| 100 | 1 | _aMori, E.E.M. | |
| 100 | 1 | _aFerreira, V.L.P. | |
| 100 | 1 | _aLazarine, V.B. | |
| 245 | 1 | _aEstudo de embalagem para concentrado de tomate [Lycopersicum esculentum, Brasil] | |
| 650 | _aEMBALAGEM | ||
| 650 | _aTOMATE | ||
| 650 | _aSUCO CONCENTRADO | ||
| 773 | 0 |
_tBoletim do Instituto de Tecnologia de Alimentos (Brazil) _xISSN 0020-3661 _g(Mar 1978), (no. 56) p. 157-174 _wBR7900137 |
|
| 909 |
_a202311 _bLúcia _c55 _dLúcia Elande |
||
| 942 |
_2AGRIS _n0 _cANA |
||
| 999 |
_c99952 _d99952 |
||